Metodika účtovania

Salvato in:
Dettagli Bibliografici
Autore principale: Takács, Zoltán
Natura: Libro
Lingua:slovacco
Pubblicazione: Bratislava EUROUNION 2005
Soggetti:
Tags: Aggiungi Tag
Nessun Tag, puoi essere il primo ad aggiungerne!!

MARC

LEADER 00000nam$a2200000$$$4500
001 0029813
005 20240314091236.5
020 |a 80-88984-73-4 
041 0 |a slo 
044 |a SK 
245 1 0 |a Metodika účtovania  |c Zoltán Takács 
264 1 |a Bratislava  |b EUROUNION  |c 2005 
300 |a 226 s. 
610 2 0 |a účtovanie 
610 2 0 |a metodika 
610 2 0 |a účtovníctvo 
610 2 0 |a triedy účtové 
610 2 0 |a účtovníctvo podvojné 
610 2 0 |a majetok 
610 2 0 |a zásoby 
610 2 0 |a účty finančné 
610 2 0 |a vzťahy zúčtovacie 
610 2 0 |a účty kapitálové 
610 2 0 |a záväzky 
610 2 0 |a náklady 
610 2 0 |a výnosy 
610 2 0 |a uzávierka účtovná 
610 2 0 |a účty podsúvahové 
610 2 0 |a účtovníctvo vnútropodnikové 
610 2 0 |a Slovensko 
100 1 |a Takács, Zoltán